000 02228agaaa2200349 4500
001 9057
003 IT-RoPAU
005 20220918181246.0
007 d cvaizq
008 50131s9999||||xx ||| | || ||und||
040 _aIT-RoPAU
_cIT-RoPAU
041 _aITALIANO
100 _aFassbinder Rainer Werner
_gCodice regista SPICS: 6794
_947089
130 _aLILI MARLEEN
_947090
240 _aLILI MARLEEN
_gT1945
245 _aLILI MARLEEN
_cProdotto da: Waldleitner Luggi -- Sceneggiatura: Purzer Manfred Fassbinder Rainer Werner -- Diretto da: Fassbinder Rainer Werner
_pLILI MARLEEN (Rif. Codice opera principale : 29057)
246 _aLILI MARLEEN
250 _aEdizione Standard
260 _aMONACO - BERLINO (GERMANIA OCCID.)
_bROXY FILM - CIP FILM / Distribuzione: RAI
_g"1980 (1° ed.: 1985 ; Ed. Lingua Orig.: 1980)"
300 _aVHS
_bsonoro, col.
_c110 minuti
508 _a"Fotografia: Schwarzenberger Xave; Montaggio: Lorenz Juliane; Musica: Raben Peer; Sceneggiatura: Purzer Manfred Fassbinder Rainer Werner; Scenografia: Strabel Herbert; Coreografia: Gackstetter Dieter; Soggetto: Purzer Manfred -- Fassbinder Rainer Werner"
511 _a"Schygulla Hanna; Giannini Giancarlo; Ferrer Mel; Bohn Hark; Kier Udo; Hoven Adrian"
520 _aLA VICENDA E' AMBIENTATA A ZURIGO NEL 1938 STORIA DI UNA GIOVANE CANTANTE DI CABARET IN CERCA DI SUCCESSO CAMPI DI STERMINIO NAZISTI IN POLONIA COLLABORAZIONE CON LA RESISTENZA GUERRA GRANDE AMORE IPOCRISIA FILM A COLORILA CANZONE LILI MARLEEN E' DI NORBERT SCHULTZE TESTO DI HANS LEIPSINFONIA N.8 DI GUSTAV MAHLER ESEGUITA DALLA CHICAGO SYMPHONY ORCHESTRA DIRETTA DA SIR GEORG SOLTIIL COPIONE E' STATO CREATO UTILIZZANDO IL ROMANZO IL CIELO HA UN'INFINITA'DI COLORI DI LALE ANDERSEN
538 _aPAL, STEREO
546 _aITALIANO
650 _aDRAMMATICO
_eFILMS [VHS]
_xCodice MATERIA SPICS: 9960
_934083
700 _aFassbinder Rainer Werner
_e(regista)
_gCodice regista SPICS: 6794
_947091
700 _aFassbinder Rainer Werner
_e(soggetto)
_gCodice Soggetto 2° SPICS: 6794
_947092
700 _aPurzer Manfred
_e(soggetto)
_gCodice Soggetto SPICS: 31160
_947093
700 _aRaben Peer
_e(musica)
_gCodice Musica SPICS: 30736
_947094
942 _cVH
_2ddc
999 _c106477
_d106477